| 000 | 00975nam a2200301Ia 4500 | ||
|---|---|---|---|
| 005 | 20220317001538.0 | ||
| 008 | 161108s2001 sp g 000 f s | ||
| 020 | _a9788433966742 | ||
| 100 | 1 |
_aMcEwan, Ian _d1948- |
|
| 245 | 1 | 0 |
_aAmor perdurable _cIan McEwan ; traducción de Benito Gómez Ibáñez |
| 250 | _a5a. edición | ||
| 300 |
_a301 páginas _c20 cm |
||
| 490 | _aCompactos | ||
| 534 | _tEnduring love | ||
| 650 | 1 | 4 |
_2LEMB _aNovela inglesa _ySiglo XX |
| 650 | 1 | 4 |
_2LEMB _aLiteratura inglesa _ySiglo XX |
| 650 | 1 | 4 |
_2LEMB _aSuspenso en la literatura |
| 650 | 1 | 4 |
_2LEMB _aRelaciones de pareja en la literatura |
| 650 | 1 | 4 |
_2LEMB _aAmor en la literatura |
| 700 | 1 |
_aGómez Ibáñez, Benito _etraductor _914878 |
|
| 942 |
_2loc _cBKLIT |
||
| 264 |
_aBarcelona _bAnagrama _c2001 |
||
| 336 |
_atexto _btxt _2rdacontent |
||
| 337 |
_asin mediación _bn _2rdamedia |
||
| 338 |
_avolumen _bnc _2rdacarrier |
||
| 040 |
_aCO-BoRNBP _bspa _erda _cCO-BoRNBP |
||
| 084 | _aN MCE1 | ||
| 999 |
_c7313 _d7313 |
||